Canal de Suez : (Record no. 156221)

MARC details
000 -LEADER
campo de control de longitud fija 00794nam a22001695i 4500
001 - NÚMERO DE CONTROL
campo de control 156221
003 - IDENTIFICADOR DE NÚMERO DE CONTROL
campo de control ES-MaACL
005 - FECHA Y HORA DE LA ÚLTIMA TRANSACCIÓN
campo de control 20230906210341.0
008 - DATOS DE LONGITUD FIJA--INFORMACIÓN GENERAL
campo de control de longitud fija 040803s1870 sp |||| | spa d
080 ## - NÚMERO DE LA CLASIFICACIÓN DECIMAL UNIVERSAL
Número de la Clasificación Decimal Universal 341.224.2
100 1# - ENTRADA PRINCIPAL--NOMBRE DE PERSONA
Nombre de persona Jamar, Joaquín.
9 (RLIN) 128262
245 10 - MENCIÓN DEL TÍTULO
Título Canal de Suez :
Resto del título memoria presentada al ministro de Fomento sobre la trascendencia mercantil del Canal y medios que deben emplearse para asegurar la participación de España en el tráfico de Oriente /
Mención de responsabilidad, etc. por Joaquín Jamar.
260 ## - PUBLICACIÓN, DISTRIBUCIÓN, ETC.
Lugar de publicación, distribución, etc. Madrid :
Nombre del editor, distribuidor, etc. [s.n.],
Fecha de publicación, distribución, etc. 1870 (
Fabricante Imp. de la Gaceta de los Caminos de Hierro)
300 ## - DESCRIPCIÓN FÍSICA
Extensión 69 p. ;
Dimensiones 20 cm.
651 #4 - PUNTO DE ACCESO ADICIONAL DE MATERIA--NOMBRE GEOGRÁFICO
Nombre geográfico Canal de Suez.
9 (RLIN) 146448
852 4# - LOCALIZACIÓN
Ubicación ES-MaACL
Número de control de estantería T-115-F-5
Nota libre - Enc. hol., falto de cub. original
-- - Enc. en un vol. facticio
-- - Dedicatoria autógrafa del autor
Holdings
Estatus retirado Estado de pérdida Estado de daño No para préstamo Colección Biblioteca de origen Biblioteca actual Ubicación en estantería Fecha de adquisición Total de préstamos Signatura topográfica completa Código de barras Visto por última vez Precio de reemplazo Tipo de ítem Koha
        Colección de folletos Biblioteca del Ateneo de Madrid Biblioteca del Ateneo de Madrid Depósito folletos 17/01/2008   T-115-F-5 1163435 23/02/2023 23/02/2023 Folleto